ARRUPE JESUIT UNIVERSITY

CORONAVIRUS -STOP THE SPREAD - CLEAN,DISINFECT,COVER

A finite thinking / (Record no. 120853)

MARC details
000 -LEADER
fixed length control field 01858cam a22003734a 4500
001 - CONTROL NUMBER
control field 13074968
003 - CONTROL NUMBER IDENTIFIER
control field ARRUPE
005 - DATE AND TIME OF LATEST TRANSACTION
control field 20150425020008.0
008 - FIXED-LENGTH DATA ELEMENTS--GENERAL INFORMATION
fixed length control field 030130s2003 cau b 000 0 eng
010 ## - LIBRARY OF CONGRESS CONTROL NUMBER
LC control number 2003002090
020 ## - INTERNATIONAL STANDARD BOOK NUMBER
International Standard Book Number 0804739005 (alk. paper)
020 ## - INTERNATIONAL STANDARD BOOK NUMBER
International Standard Book Number 0804739013 (pbk. : alk. paper)
040 ## - CATALOGING SOURCE
Original cataloging agency DLC
Transcribing agency DLC
Modifying agency DLC
041 1# - LANGUAGE CODE
Language code of text/sound track or separate title eng
Language code of original and/or intermediate translations of text fre
042 ## - AUTHENTICATION CODE
Authentication code pcc
050 00 - LIBRARY OF CONGRESS CALL NUMBER
Classification number B2430.N363
Item number F56 2003
082 00 - DEWEY DECIMAL CLASSIFICATION NUMBER
Classification number 194
Edition number 21
300 ## - PHYSICAL DESCRIPTION
Dimensions 24 cm.
100 1# - MAIN ENTRY--PERSONAL NAME
Personal name Nancy, Jean-Luc.
9 (RLIN) 7671
245 12 - TITLE STATEMENT
Title A finite thinking /
Statement of responsibility, etc Jean-Luc Nancy ; edited by Simon Sparks.
260 ## - PUBLICATION, DISTRIBUTION, ETC. (IMPRINT)
Place of publication, distribution, etc Stanford, Calif. :
Name of publisher, distributor, etc Stanford University Press,
Date of publication, distribution, etc 2003.
300 ## - PHYSICAL DESCRIPTION
Extent viii, 348 p. ;
440 #0 - SERIES STATEMENT/ADDED ENTRY--TITLE
Title Cultural memory in the present
9 (RLIN) 11316
504 ## - BIBLIOGRAPHY, ETC. NOTE
Bibliography, etc Includes bibliographical references (p. [319]-348).
505 0# - FORMATTED CONTENTS NOTE
Formatted contents note Thinking -- Finite thinking -- Concealed thinking -- Existing -- The unsacrificable -- The indestructible -- Difference -- Elliptical sense -- Borborygmi -- Judging -- The Kategorein of excess -- Lapsus judicii -- Originary ethics -- Pleasure -- The Kantian pleasure system -- The sublime offering -- Shattered love -- World -- In praise of the melee -- Responding to existence -- Changing the world.
650 #0 - SUBJECT ADDED ENTRY--TOPICAL TERM
Topical term or geographic name as entry element Thought and thinking.
9 (RLIN) 6272
650 #0 - SUBJECT ADDED ENTRY--TOPICAL TERM
Topical term or geographic name as entry element Sense (Philosophy)
9 (RLIN) 11317
650 #0 - SUBJECT ADDED ENTRY--TOPICAL TERM
Topical term or geographic name as entry element Finite, The.
9 (RLIN) 11318
700 1# - ADDED ENTRY--PERSONAL NAME
Personal name Sparks, Simon,
Dates associated with a name 1970-
9 (RLIN) 11319
856 42 - ELECTRONIC LOCATION AND ACCESS
Materials specified Contributor biographical information
Uniform Resource Identifier <a href="http://www.loc.gov/catdir/enhancements/fy0710/2003002090-b.html">http://www.loc.gov/catdir/enhancements/fy0710/2003002090-b.html</a>
856 42 - ELECTRONIC LOCATION AND ACCESS
Materials specified Publisher description
Uniform Resource Identifier <a href="http://www.loc.gov/catdir/enhancements/fy0710/2003002090-d.html">http://www.loc.gov/catdir/enhancements/fy0710/2003002090-d.html</a>
906 ## - LOCAL DATA ELEMENT F, LDF (RLIN)
a 7
b cbc
c orignew
d 1
e ecip
f 20
g y-gencatlg
942 ## - ADDED ENTRY ELEMENTS (KOHA)
Source of classification or shelving scheme Library of Congress Classification
Koha item type Monograph ( Printed materials)
Koha issues (borrowed), all copies 4
Holdings
Withdrawn status Lost status Source of classification or shelving scheme Damaged status Not for loan Collection code Home library Current library Shelving location Date acquired Total Checkouts Full call number Barcode Date last seen Date checked out Price effective from Koha item type
    Library of Congress Classification     Main Collection ARRUPE LIBRARY ARRUPE LIBRARY Main Collection 16/09/2014 4 B2430.N363 F56 2003 46500001434 30/04/2015 24/04/2015 16/09/2014 Monograph ( Printed materials)

 

Arrupe Library. PO Box MP320 Mt Pleasant, Harare, Zimbabwe
263 242 745411|librarian@aju.ac.zw